000 00839cab a2200205 4500
001 ABS40202
008 090401t1989 xxu||||| |||| 00| 0 eng d
035 _a(Sirsi) u22118
041 _aeng
100 _aRead, G.
245 2 _aA contractor`s view
260 _c1989
350 _a0
490 _aCost Engineer
_v27(1) January 1989, 4-13(10)
520 _aA paper on management contracting presented at a seminar on the choice of contracting methods held by the Association of Cost Engineers in 1988. Covers methods of procurement , contracts and risk, the contractor`s role, when and when not to choose a management contract, design and build contracts and the appointment of a management contractor.
650 _aBUILT ENVIRONMENT-BUILDING CONTRACT FORMS
690 _aBUILT ENVIRONMENT
942 _n0
948 _c04/03/1997
999 _c14811
_d14811